[Event "ESP-chT Div I 2018"]
[Site "Linares"]
[Date "2018.08.09"]
[Round "4"]
[White "Plazuelo Pascual, Juan"]
[Black "Van Wely, Loek"]
[Result "1-0"]
[WhiteElo "2429"]
[BlackElo "2650"]
[Annotator "TA"]
[PlyCount "107"]
[EventDate "2018.08.06"]
[EventType "team-tourn"]
[EventCountry "ESP"]
[SourceTitle "playchess.com"]
[Source "ChessBase"]
[SourceQuality "1"]

{[%evp 15,107,50,49,26,39,43,47,20,80,0,8,0,0,-10,47,52,76,65,83,77,85,68,102,81,110,67,59,44,140,114,106,129,114,118,111,123,183,174,202,225,266,283,345,332,387,388,479,432,484,472,819,794,780,624,697,574,1001,1026,1070,1070,1070,1070,1058,1016,1073,1044,1083,1023,1704,1641,1466,1364,29983,29984,29984,29985,29979,29980,29989,29984,29990,29991,29991,29992,29992,29993,29993,29970,29959,29960,5904,5909,2216,2063]} 1. d4 Nf6 2. c4 g6 3. Nc3 Bg7 4. e4 d6 5. f3 O-O 6. Be3 a6 7. Qd2 c6 8. O-O-O Qa5 {LiveBook: 5 Games. E81: King's Indian: Sämisch: 6th move deviations (including 6 Be3 c6)} (8... b5 9. h4 h5 10. g4 Qa5 11. Kb1 e5 12. dxe5 dxe5 13. Bh6 Nbd7 14. Bxg7 Kxg7 15. g5 Ne8 16. Nh3 Nb6 17. c5 {½-½ (64) Plazuelo Pascual,J (2434)-Chigaev,M (2582) Benasque 2018}) 9. h4 h5 10. Kb1 Nbd7 {White is slightly better.} 11. g4 b5 (11... hxg4 12. Bh6 $17) (11... e5 $11) 12. g5 $146 (12. Nd5 $1 $16 {[%cal Rd5e7]} Qd8 13. Nxf6+ Nxf6 14. g5) ({Predecessor:} 12. gxh5 Nxh5 13. Nd5 Qd8 14. Nf4 Ng3 15. Rh2 e5 16. Nfe2 Nh5 {0-1 (40) Chalmeta Ugas,J (2096)-De la Paz Perdomo,F (2435) Barbera del Valles 2006}) 12... Ne8 $11 13. Nd5 Qd8 14. Nb4 Bb7 ({Black should play} 14... Qc7 $1 $11) 15. c5 $1 $36 {[%mdl 2048] White is more active.} a5 16. Nd3 Nc7 17. Ne2 b4 18. Bh3 Ba6 19. f4 $1 {[%cal Bf3f4,Bf4f5][%mdl 32]} Rb8 20. f5 dxc5 21. dxc5 {Threatens to win with Nd4.} Nb5 (21... b3 $14) 22. Kc1 $16 {Hoping for fxg6.} Ne5 23. Nxe5 $1 Qxd2+ 24. Rxd2 Bxe5 25. Bf4 Bxf4 (25... Bc7 $16) 26. Nxf4 $18 gxf5 27. exf5 {[%cal Be4f5,Bf5f6][%mdl 32]} a4 {[#]} 28. f6 $1 {[%cal Rf6e7]} ({Weaker is} 28. Nxh5 a3 $16) 28... e5 29. Nd3 ({Less strong is} 29. Nxh5 a3 $16) 29... b3 {[#]} 30. a3 $1 e4 31. Nb4 e3 32. Rd3 Rfd8 (32... Bb7 $142 33. Rxe3 Rfe8 34. Rxe8+ Rxe8) 33. Rxe3 ({Not} 33. Nxa6 Rxd3 34. Nxb8 e2 $16) 33... Bb7 34. Rhe1 Nd4 35. Rd3 Bc8 {[#]} 36. Nxc6 $1 {[%mdl 512]} Bxh3 (36... Nxc6 37. Rxd8+) 37. Nxd8 Rxd8 38. Rxh3 {[%mdl 4096] Endgame KRR-KRN} Rc8 39. Re5 Nc6 40. Rd5 Re8 41. Kd1 Re4 42. Rd6 Ne5 43. c6 Nc4 44. Rd8+ Kh7 45. c7 Nxb2+ 46. Kc1 Nc4 {[#]} 47. Rh8+ $1 {[%mdl 512]} Kxh8 48. c8=Q+ Kh7 49. Qf5+ Kg8 50. Qxe4 b2+ 51. Kb1 Nd2+ 52. Kxb2 Nxe4 53. Re3 Nd6 54. Kc3 {Precision: White = 80%, Black = 25%.} 1-0

[Event "ESP-chT Div I 2018"]
[Site "Linares"]
[Date "2018.08.09"]
[Round "4"]
[White "Franco Alonso, Alejandro"]
[Black "Rubio Mejia, Luis Ignacio"]
[Result "1/2-1/2"]
[WhiteElo "2410"]
[BlackElo "2442"]
[Annotator "NA"]
[PlyCount "99"]
[EventDate "2018.08.06"]
[EventType "team-tourn"]
[EventCountry "ESP"]
[SourceTitle "playchess.com"]
[Source "ChessBase"]
[SourceQuality "1"]
[TimeControl "40/5400+30:1800+30"]

1. d4 {[%emt 0:00:00]} Nf6 {[%emt 0:00:00]} 2. c4 {[%emt 0:00:00]} e6 {[%emt 0:00:00]} 3. g3 {[%emt 0:00:00]} d5 {[%emt 0:02:04]} 4. Nf3 {[%emt 0:00:00]} Bb4+ {[%emt 0:00:07]} 5. Bd2 {[%emt 0:00:14]} Bd6 {[%emt 0:00:19]} 6. Nc3 {[%emt 0:00:27]} O-O {[%emt 0:05:35]} 7. Bg5 {[%emt 0:00:22]} c6 {[%emt 0:08:12]} 8. Bg2 {[%emt 0:00:29]} Nbd7 {[%emt 0:05:09]} 9. e4 dxe4 {[%emt 0:10:34]} 10. Nxe4 {[%emt 0:01:53]} Bb4+ {[%emt 0:10:54]} 11. Nc3 {[%emt 0:00:16]} Bxc3+ {[%emt 0:07:20]} 12. bxc3 {[%emt 0:00:09]} Qa5 {[%emt 0:00:49]} 13. O-O {[%emt 0:14:49]} Qxc3 {[%emt 0:09:56]} 14. Qe2 {[%emt 0:01:11]} Qa5 {[%emt 0:03:09]} 15. a4 {[%emt 0:04:45]} c5 {[%emt 0:04:07]} 16. Bd2 {[%emt 0:07:13]} Qc7 {[%emt 0:07:24]} 17. Bf4 {[%emt 0:07:52]} Qa5 {[%emt 0:00:21]} 18. Rfb1 {[%emt 0:08:54]} a6 {[%emt 0:08:10]} 19. Bd2 {[%emt 0:19:39]} Qc7 {[%emt 0:02:19]} 20. Bf4 {[%emt 0:01:04]} Qa5 {[%emt 0:00:06]} 21. Qd2 {[%emt 0:00:59]} Qxd2 {[%emt 0:03:49]} 22. Bxd2 {[%emt 0:00:06]} Re8 {[%emt 0:02:36]} 23. Ba5 {[%emt 0:07:15]} cxd4 {[%emt 0:04:33]} 24. Nxd4 {[%emt 0:00:15]} Nc5 {[%emt 0:01:00]} 25. Bb6 {[%emt 0:03:30]} Nfd7 {[%emt 0:00:59]} 26. Bc7 {[%emt 0:00:14]} Nf6 {[%emt 0:01:10]} 27. Nb3 {[%emt 0:05:36]} Nxb3 {[%emt 0:01:20]} 28. Rxb3 {[%emt 0:00:04]} Ra7 {[%emt 0:00:54]} 29. Be5 {[%emt 0:03:32]} Re7 {[%emt 0:00:38]} 30. Rab1 {[%emt 0:02:02]} Rd7 {[%emt 0:00:39]} 31. Bf4 {[%emt 0:04:33]} Kf8 {[%emt 0:00:20]} 32. Be3 {[%emt 0:01:57]} Ra8 {[%emt 0:00:08]} 33. Bxb7 {[%emt 0:02:25]} Bxb7 {[%emt 0:00:12]} 34. Rxb7 {[%emt 0:00:04]} Rc8 {[%emt 0:00:41]} 35. Rb8 {[%emt 0:01:24]} Rdc7 {[%emt 0:00:39]} 36. Rxc8+ {[%emt 0:00:50]} Rxc8 {[%emt 0:00:05]} 37. Rb6 {[%emt 0:00:27]} Rxc4 {[%emt 0:00:46]} 38. Rxa6 {[%emt 0:00:12]} Nd5 {[%emt 0:00:11]} 39. Ba7 {[%emt 0:01:43]} Nb4 {[%emt 0:01:22]} 40. Ra5 {[%emt 0:00:58]} Nc6 {[%emt 0:00:36]} 41. Bc5+ {[%emt 0:30:18]} Ke8 {[%emt 0:30:08]} 42. Ra8+ {[%emt 0:00:03]} Kd7 {[%emt 0:00:05]} 43. Bb6 {[%emt 0:00:03]} Nb4 {[%emt 0:00:52]} 44. Rg8 {[%emt 0:03:15]} Nd5 {[%emt 0:00:40]} 45. a5 {[%emt 0:00:06]} g6 {[%emt 0:00:37]} 46. Rg7 {[%emt 0:00:26]} Ke7 {[%emt 0:00:16]} 47. Rxh7 {[%emt 0:00:08]} Nxb6 {[%emt 0:00:24]} 48. axb6 {[%emt 0:00:05]} Rb4 {[%emt 0:00:05]} 49. h4 {[%emt 0:00:18]} Rxb6 {[%emt 0:00:13]} 50. Rh8 {[%emt 0:00:05]} 1/2-1/2

[Event "ESP-chT Div I 2018"]
[Site "Linares"]
[Date "2018.08.09"]
[Round "4"]
[White "Martin Fuentes, Alberto"]
[Black "Vazquez Igarza, Renier"]
[Result "1-0"]
[WhiteElo "2391"]
[BlackElo "2577"]
[Annotator "ChessBase"]
[PlyCount "81"]
[EventDate "2018.08.06"]
[EventType "team-tourn"]
[EventCountry "ESP"]
[SourceTitle "playchess.com"]
[Source "ChessBase"]
[SourceQuality "1"]
[TimeControl "40/5400+30:1800+30"]

1. e4 {[%emt 0:00:00]} c6 {[%emt 0:00:10]} 2. Nc3 {[%emt 0:00:00]} e5 {[%emt 0:00:58]} 3. d4 {[%emt 0:01:32]} d6 {[%emt 0:00:54]} 4. dxe5 {[%emt 0:02:37]} dxe5 {[%emt 0:00:13]} 5. Qxd8+ {[%emt 0:00:09]} Kxd8 {[%emt 0:00:04]} 6. Bc4 {[%emt 0:00:50]} f6 {[%emt 0:03:55]} 7. Be3 {[%emt 0:06:44]} Nd7 {[%emt 0:05:15]} 8. O-O-O {[%emt 0:02:49]} Kc7 {[%emt 0:00:42]} 9. f4 {[%emt 0:03:19]} Bd6 {[%emt 0:04:02]} 10. f5 {[%emt 0:03:58]} Ne7 {[%emt 0:00:21]} 11. g4 {[%emt 0:03:02]} h6 {[%emt 0:04:17]} 12. h4 {[%emt 0:03:34]} Bb4 {[%emt 0:00:01]} 13. Nge2 {[%emt 0:01:47]} b5 {[%emt 0:00:02]} 14. Bb3 {[%emt 0:01:18]} Nc5 {[%emt 0:00:51]} 15. g5 {[%emt 0:02:44]} Nxb3+ {[%emt 0:01:38]} 16. axb3 {[%emt 0:00:55]} hxg5 {[%emt 0:02:12]} 17. hxg5 {[%emt 0:00:25]} Bb7 {[%emt 0:00:02]} 18. Ng3 {[%emt 0:04:25]} fxg5 {[%emt 0:12:27]} 19. Bxg5 {[%emt 0:00:30]} Bc5 {[%emt 0:01:48]} 20. Nce2 {[%emt 0:12:19]} Bd6 {[%emt 0:07:54]} 21. Nh5 {[%emt 0:08:38]} Rh7 {[%emt 0:04:25]} 22. Nhf4 {[%emt 0:02:31]} Rxh1 {[%emt 0:01:08]} 23. Ne6+ {[%emt 0:00:07]} Kd7 {[%emt 0:00:19]} 24. Rxh1 {[%emt 0:00:10]} c5 {[%emt 0:00:10]} 25. Rd1 {[%emt 0:00:57]} Rc8 {[%emt 0:03:04]} 26. Ng3 {[%emt 0:02:12]} c4 {[%emt 0:05:58]} 27. bxc4 {[%emt 0:04:17]} Rxc4 {[%emt 0:00:07]} 28. Nxg7 {[%emt 0:00:15]} Nc6 {[%emt 0:02:37]} 29. Ne8 {[%emt 0:10:16]} Nd4 {[%emt 0:02:33]} 30. Nxd6 {[%emt 0:00:38]} Kxd6 {[%emt 0:00:26]} 31. Kb1 {[%emt 0:02:08]} b4 {[%emt 0:01:58]} 32. Be3 {[%emt 0:03:55]} a5 {[%emt 0:02:15]} 33. b3 {[%emt 0:04:59]} Rc7 {[%emt 0:03:04]} 34. Rxd4+ {[%emt 0:01:31]} exd4 {[%emt 0:00:02]} 35. Bf4+ {[%emt 0:00:11]} Kd7 {[%emt 0:00:00]} 36. Bxc7 {[%emt 0:00:07]} Kxc7 {[%emt 0:00:02]} 37. e5 {[%emt 0:00:12]} Ba6 {[%emt 0:00:01]} 38. f6 {[%emt 0:01:47]} d3 {[%emt 0:00:17]} 39. Ne4 {[%emt 0:02:35]} Kd8 {[%emt 0:02:19]} 40. e6 {[%emt 0:01:48]} Bb5 {[%emt 0:02:35]} 41. Kc1 {[%emt 0:32:54]} 1-0

[Event "ESP-chT Div I 2018"]
[Site "Linares"]
[Date "2018.08.09"]
[Round "4"]
[White "Shvayger, Yuliya"]
[Black "Perez De Aranda A, Leonardo I"]
[Result "1-0"]
[WhiteElo "2390"]
[BlackElo "2107"]
[Annotator "NA"]
[PlyCount "85"]
[EventDate "2018.08.06"]
[EventType "team-tourn"]
[EventCountry "ESP"]
[SourceTitle "playchess.com"]
[Source "ChessBase"]
[SourceQuality "1"]
[TimeControl "40/5400+30:1800+30"]

1. e4 {[%emt 0:00:00]} c5 {[%emt 0:00:00]} 2. Nf3 {[%emt 0:00:00]} d6 {[%emt 0:00:04]} 3. d4 {[%emt 0:00:00]} cxd4 {[%emt 0:00:11]} 4. Nxd4 {[%emt 0:00:00]} Nf6 {[%emt 0:00:07]} 5. Nc3 {[%emt 0:00:00]} a6 {[%emt 0:00:07]} 6. g3 {[%emt 0:00:04]} g6 {[%emt 0:02:37]} 7. Bg2 {[%emt 0:00:20]} Bg7 {[%emt 0:00:10]} 8. O-O {[%emt 0:00:21]} O-O {[%emt 0:00:12]} 9. h3 {[%emt 0:00:06]} Nc6 {[%emt 0:01:45]} 10. Be3 {[%emt 0:00:11]} Bd7 {[%emt 0:01:36]} 11. Nde2 {[%emt 0:19:18]} Rb8 {[%emt 0:06:16]} 12. Nd5 {[%emt 0:01:48]} b5 {[%emt 0:00:17]} 13. c3 {[%emt 0:04:36]} Ne8 {[%emt 0:11:36]} 14. Nd4 {[%emt 0:11:33]} Nxd4 {[%emt 0:03:49]} 15. Bxd4 {[%emt 0:01:06]} e6 {[%emt 0:02:41]} 16. Bxg7 {[%emt 0:05:33]} Kxg7 {[%emt 0:10:16]} 17. Ne3 {[%emt 0:05:13]} Bc6 {[%emt 0:12:58]} 18. Qd3 {[%emt 0:03:00]} Qb6 {[%emt 0:08:47]} 19. Rad1 {[%emt 0:06:59]} Rb7 20. Kh2 f5 {[%emt 0:12:16]} 21. f4 {[%emt 0:12:08]} Bxe4 {[%emt 0:08:17]} 22. Bxe4 {[%emt 0:00:08]} fxe4 {[%emt 0:00:00]} 23. Qxe4 {[%emt 0:00:11]} Nf6 24. Qxe6 {[%emt 0:03:12]} Re8 {[%emt 0:03:26]} 25. Qxf6+ {[%emt 0:00:30]} Kxf6 {[%emt 0:00:04]} 26. Nd5+ {[%emt 0:00:06]} Kf7 {[%emt 0:01:02]} 27. Nxb6 {[%emt 0:00:08]} Re2+ {[%emt 0:00:03]} 28. Kg1 {[%emt 0:00:06]} Rxb6 {[%emt 0:00:12]} 29. Rf2 {[%emt 0:00:16]} Re3 {[%emt 0:01:00]} 30. Kg2 {[%emt 0:03:34]} h5 31. Rd4 Rc6 {[%emt 0:03:24]} 32. Rfd2 {[%emt 0:00:55]} h4 {[%emt 0:02:27]} 33. gxh4 {[%emt 0:00:30]} Ke7 {[%emt 0:06:39]} 34. a4 {[%emt 0:06:30]} bxa4 {[%emt 0:01:32]} 35. Rxa4 {[%emt 0:00:07]} Ke6 {[%emt 0:01:28]} 36. Ra5 {[%emt 0:00:17]} Re4 {[%emt 0:00:55]} 37. Kf3 {[%emt 0:01:04]} Rcc4 {[%emt 0:00:38]} 38. Rxa6 {[%emt 0:00:11]} Rxf4+ {[%emt 0:00:03]} 39. Kg3 {[%emt 0:00:06]} Rxh4 {[%emt 0:00:45]} 40. Rdxd6+ {[%emt 0:00:46]} Ke5 {[%emt 0:00:44]} 41. Rxg6 {[%emt 0:30:28]} Rh8 {[%emt 0:30:27]} 42. Rg5+ {[%emt 0:00:19]} Ke4 {[%emt 0:00:04]} 43. Rg4+ {[%emt 0:00:09]} 1-0

[Event "ESP-chT Div I 2018"]
[Site "Linares"]
[Date "2018.08.09"]
[Round "4"]
[White "Alonso Moyano, Jonathan"]
[Black "Alonso Alvarez, Aitor"]
[Result "1/2-1/2"]
[WhiteElo "2388"]
[BlackElo "2306"]
[Annotator "NA"]
[PlyCount "60"]
[EventDate "2018.08.06"]
[EventType "team-tourn"]
[EventCountry "ESP"]
[SourceTitle "playchess.com"]
[Source "ChessBase"]
[SourceQuality "1"]
[TimeControl "40/5400+30:1800+30"]

1. e4 {[%emt 0:00:00]} e6 {[%emt 0:00:00]} 2. d4 {[%emt 0:00:06]} d5 {[%emt 0:00:00]} 3. Nc3 {[%emt 0:00:39]} dxe4 {[%emt 0:00:00]} 4. Nxe4 {[%emt 0:00:07]} Nd7 {[%emt 0:00:01]} 5. Nf3 {[%emt 0:00:53]} Ngf6 {[%emt 0:00:10]} 6. Nxf6+ {[%emt 0:01:15]} Nxf6 {[%emt 0:00:06]} 7. Bg5 {[%emt 0:04:23]} Be7 {[%emt 0:05:43]} 8. Bd3 {[%emt 0:02:28]} O-O {[%emt 0:00:21]} 9. Qd2 {[%emt 0:07:44]} b6 {[%emt 0:00:38]} 10. O-O-O {[%emt 0:01:05]} Bb7 {[%emt 0:00:38]} 11. h4 {[%emt 0:03:49]} c5 {[%emt 0:09:07]} 12. dxc5 {[%emt 0:05:48]} Qd5 {[%emt 0:06:23]} 13. Kb1 {[%emt 0:02:09]} Qxc5 {[%emt 0:00:30]} 14. Bxf6 {[%emt 0:13:25]} Bxf6 {[%emt 0:01:00]} 15. Ng5 {[%emt 0:00:07]} g6 {[%emt 0:09:29]} 16. f4 {[%emt 0:00:10]} Rfd8 {[%emt 0:09:40]} 17. h5 {[%emt 0:03:47]} Ba6 {[%emt 0:06:23]} 18. Ne4 {[%emt 0:24:37]} Qd4 {[%emt 0:01:13]} 19. Nxf6+ {[%emt 0:00:13]} Qxf6 {[%emt 0:00:08]} 20. Qe3 {[%emt 0:02:22]} Bxd3 {[%emt 0:00:30]} 21. Rxd3 {[%emt 0:00:07]} Rxd3 {[%emt 0:00:33]} 22. cxd3 {[%emt 0:00:06]} Rd8 {[%emt 0:02:04]} 23. Qe4 {[%emt 0:05:54]} Qd4 {[%emt 0:04:30]} 24. hxg6 {[%emt 0:04:10]} hxg6 {[%emt 0:01:07]} 25. Kc2 {[%emt 0:00:07]} Rc8+ {[%emt 0:03:12]} 26. Kb1 {[%emt 0:02:25]} Rd8 {[%emt 0:13:02]} 27. Kc2 {[%emt 0:00:20]} Rc8+ {[%emt 0:02:44]} 28. Kb1 {[%emt 0:01:05]} Rd8 {[%emt 0:00:07]} 29. Kc2 {[%emt 0:00:06]} Rc8+ {[%emt 0:00:09]} 30. Kb1 {[%emt 0:00:07]} Rd8 {[%emt 0:00:06]} 1/2-1/2

[Event "ESP-chT Div I 2018"]
[Site "Linares"]
[Date "2018.08.09"]
[Round "4"]
[White "Andres Gonzalez, Ivan"]
[Black "Alsina Leal, Daniel"]
[Result "1/2-1/2"]
[WhiteElo "2349"]
[BlackElo "2480"]
[Annotator "TA"]
[PlyCount "122"]
[EventDate "2018.08.06"]
[EventType "team-tourn"]
[EventCountry "ESP"]
[SourceTitle "playchess.com"]
[Source "ChessBase"]
[SourceQuality "1"]

{[%evp 30,122,19,16,24,24,25,26,20,21,64,62,63,64,69,70,70,64,70,59,77,70,51,12,12,12,8,17,11,20,0,6,37,37,42,37,46,0,5,0,0,0,0,0,0,-18,-12,-21,0,-163,-151,-164,-166,-147,-104,-201,-187,-183,-184,-126,-56,-234,-35,-177,0,-204,-199,-322,-322,-291,-8,-131,-70,-83,-89,-134,-50,-52,-8,-8,-8,-8,-8,-8,-8,-8,-8,-14,-14,-14,-14,-14,-14,-14,-14]} 1. d4 Nf6 2. c4 g6 3. Nc3 d5 4. Nf3 Bg7 5. Bg5 Ne4 6. Bf4 Nxc3 7. bxc3 O-O 8. e3 c5 9. cxd5 cxd4 10. cxd4 Qxd5 11. Be2 Nc6 12. O-O Bf5 13. Qa4 {D80: Grünfeld: Unusual White 4th moves and 4 Bg5} Qa5 14. Qxa5 Nxa5 15. Rfc1 Rac8 16. Nd2 {LiveBook: 5 Games} Rxc1+ 17. Rxc1 Rc8 18. Rxc8+ Bxc8 19. Bf3 {[#]} b5 $146 ({Predecessor:} 19... Be6 20. a3 Ba2 {1-0 (54) Fedoseev,V (2658)-Xiong,J (2674) Saint Louis 2017}) 20. Bc7 Nb7 21. Kf1 Kf8 22. Ke2 e6 23. Bc6 a6 24. Kd3 Ke7 25. Ne4 f5 26. Ng5 h6 27. Nf3 Nd8 28. Ba8 Kd7 29. Be5 Bf8 $1 30. Bf6 {Black should prevent Ne5+.} Nf7 31. d5 Be7 32. Bg7 Kd6 33. Bc3 exd5 34. Bb4+ Kd7 35. Bxe7 Kxe7 36. Bxd5 $11 {[%mdl 4096] Endgame KBN-KBN} Nd8 $1 37. h4 Kd6 38. Bg8 Be6 39. Bh7 $2 (39. Bxe6 $11 {and White has nothing to worry.} Nxe6 40. Nd4) 39... Bxa2 $19 40. Bxg6 Nc6 $1 41. Kc2 Ne7 42. Bh7 (42. Bh5 $17) 42... Bd5 $1 43. Nd4 Ke5 $1 ({Resist} 43... Bxg2 44. Bxf5 Kc5 45. Ne6+ Kb6 46. Bd3 $15) 44. f3 h5 (44... f4 $17 45. Kd2 Bf7) 45. Kc3 $2 {[#]} ({Only move:} 45. Ne2 $1 $15) 45... Bb7 $2 (45... Bc4 $1 $19 {Hoping for ...Nd5+.} 46. g3 a5) 46. Kd3 ({Better is} 46. Nb3 $15) 46... Bd5 47. Kc3 {[#]} Bc4 $1 48. e4 (48. g3 {was called for.}) 48... f4 49. Nf5 Nc6 $2 (49... Nxf5 $19 50. Bxf5 a5) 50. g3 (50. Bg6 $11 {keeps the balance.}) 50... Be2 (50... fxg3 $17 51. Nxg3 Nd4) 51. gxf4+ $15 Kxf4 {aiming for ...b4+.} 52. Ng7 Bxf3 ({Black should try} 52... b4+ $17 53. Kb3 Bd1+ 54. Kb2 Bxf3) 53. Bg6 Ne7 54. Bxh5 {The position is equal.} Bxe4 {Threatening ...a5.} 55. Ne6+ Ke5 56. Nc7 Bb7 57. Be2 Kd6 58. Nxb5+ axb5 59. Bxb5 Nf5 60. h5 Bf3 61. Be8 Ke5 {Precision: White = 49%, Black = 50%.} 1/2-1/2

[Event "ESP-chT Div I 2018"]
[Site "Linares"]
[Date "2018.08.09"]
[Round "4"]
[White "Ortega Hermida, Daniel"]
[Black "Granero Roca, Antonio"]
[Result "1-0"]
[WhiteElo "2334"]
[BlackElo "2383"]
[Annotator "NA"]
[PlyCount "75"]
[EventDate "2018.08.06"]
[EventType "team-tourn"]
[EventCountry "ESP"]
[SourceTitle "playchess.com"]
[Source "ChessBase"]
[SourceQuality "1"]
[TimeControl "40/5400+30:1800+30"]

1. e4 {[%emt 0:00:00]} e5 {[%emt 0:00:00]} 2. Nf3 {[%emt 0:00:00]} Nc6 {[%emt 0:00:10]} 3. Bb5 {[%emt 0:00:08]} a6 {[%emt 0:00:22]} 4. Ba4 {[%emt 0:00:28]} Nf6 {[%emt 0:00:35]} 5. O-O {[%emt 0:00:36]} b5 {[%emt 0:01:19]} 6. Bb3 {[%emt 0:00:07]} Be7 {[%emt 0:00:13]} 7. d3 {[%emt 0:00:58]} d6 {[%emt 0:01:01]} 8. a3 {[%emt 0:01:26]} O-O {[%emt 0:02:59]} 9. Nc3 {[%emt 0:01:51]} Bg4 {[%emt 0:04:21]} 10. Be3 {[%emt 0:01:06]} Qd7 {[%emt 0:02:20]} 11. Nd5 {[%emt 0:01:50]} Nd8 {[%emt 0:05:22]} 12. h3 {[%emt 0:08:40]} Nxd5 {[%emt 0:08:27]} 13. Bxd5 {[%emt 0:09:54]} c6 {[%emt 0:00:08]} 14. Bb3 {[%emt 0:09:35]} Be6 {[%emt 0:06:01]} 15. d4 {[%emt 0:03:12]} Bxb3 {[%emt 0:01:35]} 16. cxb3 {[%emt 0:00:06]} f5 {[%emt 0:05:10]} 17. dxe5 {[%emt 0:05:55]} fxe4 {[%emt 0:01:28]} 18. Nd2 {[%emt 0:03:43]} d5 {[%emt 0:02:26]} 19. Nxe4 {[%emt 0:00:19]} Ne6 {[%emt 0:00:07]} 20. f4 {[%emt 0:07:58]} Qc7 {[%emt 0:03:15]} 21. Qg4 {[%emt 0:06:29]} Nxf4 {[%emt 0:07:37]} 22. Rxf4 {[%emt 0:05:59]} Qxe5 {[%emt 0:04:26]} 23. Re1 {[%emt 0:01:31]} dxe4 {[%emt 0:00:24]} 24. Rxe4 {[%emt 0:00:08]} Qd6 {[%emt 0:00:18]} 25. Re6 {[%emt 0:11:21]} Qd7 {[%emt 0:01:14]} 26. Bd4 {[%emt 0:02:12]} Rf7 {[%emt 0:03:13]} 27. Bxg7 {[%emt 0:04:45]} Rxg7 {[%emt 0:14:13]} 28. Qxg7+ {[%emt 0:00:09]} Kxg7 {[%emt 0:00:06]} 29. Rxe7+ {[%emt 0:00:04]} Qxe7 {[%emt 0:00:03]} 30. Rxe7+ {[%emt 0:00:06]} Kg6 {[%emt 0:01:30]} 31. Rc7 {[%emt 0:00:47]} h6 {[%emt 0:00:44]} 32. Rxc6+ {[%emt 0:00:11]} Kg5 {[%emt 0:00:08]} 33. Kh2 {[%emt 0:01:03]} Ra7 {[%emt 0:00:04]} 34. b4 {[%emt 0:00:38]} Ra8 {[%emt 0:00:04]} 35. Kg3 {[%emt 0:00:38]} h5 {[%emt 0:00:17]} 36. Rc5+ {[%emt 0:00:35]} Kg6 {[%emt 0:00:21]} 37. Kh4 {[%emt 0:01:04]} Re8 {[%emt 0:00:19]} 38. Rc6+ {[%emt 0:01:38]} 1-0